Globalization and inequality : (Record no. 15441)
[ view plain ]
| 000 -LEADER | |
|---|---|
| fixed length control field | 01035cam a22003014a 4500 |
| 001 - CONTROL NUMBER | |
| control field | 13380862 |
| 005 - DATE AND TIME OF LATEST TRANSACTION | |
| control field | 20201128020906.0 |
| 008 - FIXED-LENGTH DATA ELEMENTS--GENERAL INFORMATION | |
| fixed length control field | 031022s2004 xxu frb 001 0 eng d |
| 010 ## - LIBRARY OF CONGRESS CONTROL NUMBER | |
| LC control number | 2003023327 |
| 020 ## - INTERNATIONAL STANDARD BOOK NUMBER | |
| International Standard Book Number | 1588262200 (pbk. : alk. paper) |
| 020 ## - INTERNATIONAL STANDARD BOOK NUMBER | |
| International Standard Book Number | 9781588262202 |
| 040 ## - CATALOGING SOURCE | |
| Original cataloging agency | DLC |
| Transcribing agency | DLC |
| Modifying agency | DLC |
| -- | EG-ScBUE |
| 082 00 - DEWEY DECIMAL CLASSIFICATION NUMBER | |
| Classification number | 303.482 |
| Edition number | 22 |
| Item number | RAP |
| 100 1# - MAIN ENTRY--PERSONAL NAME | |
| Personal name | Rapley, John, |
| Dates associated with a name | 1963- |
| 9 (RLIN) | 24298 |
| 245 10 - TITLE STATEMENT | |
| Title | Globalization and inequality : |
| Remainder of title | neoliberalism's downward spiral / |
| Statement of responsibility, etc | John Rapley. |
| 260 ## - PUBLICATION, DISTRIBUTION, ETC. (IMPRINT) | |
| Place of publication, distribution, etc | Boulder, United States : |
| Name of publisher, distributor, etc | Lynne Rienner, |
| Date of publication, distribution, etc | 2004. |
| 300 ## - PHYSICAL DESCRIPTION | |
| Extent | viii, 193 p. ; |
| Dimensions | 24 cm. |
| 500 ## - GENERAL NOTE | |
| General note | Includes appendixes. |
| 500 ## - GENERAL NOTE | |
| General note | Index : p. 189-192. |
| 504 ## - BIBLIOGRAPHY, ETC. NOTE | |
| Bibliography, etc | Bibliography : p. 175-187. |
| 650 #0 - SUBJECT ADDED ENTRY--TOPICAL TERM | |
| Topical term or geographic name as entry element | Political stability |
| General subdivision | Economic aspects |
| 9 (RLIN) | 24299 |
| 650 #0 - SUBJECT ADDED ENTRY--TOPICAL TERM | |
| Topical term or geographic name as entry element | Liberalism. |
| 9 (RLIN) | 24300 |
| 650 #0 - SUBJECT ADDED ENTRY--TOPICAL TERM | |
| Topical term or geographic name as entry element | Globalization |
| 9 (RLIN) | 2820 |
| 653 ## - INDEX TERM--UNCONTROLLED | |
| Resource For college | BAEPS, Political Science |
| Arrived date list | May2011 |
| -- | October2014 |
| 655 ## - INDEX TERM--GENRE/FORM | |
| Form subdivision | |
| -- | 34232 |
| 856 41 - ELECTRONIC LOCATION AND ACCESS | |
| Materials specified | Table of contents |
| Uniform Resource Identifier | <a href="http://www.loc.gov/catdir/toc/ecip0410/2003023327.html">http://www.loc.gov/catdir/toc/ecip0410/2003023327.html</a> |
| 942 ## - ADDED ENTRY ELEMENTS (KOHA) | |
| Source of classification or shelving scheme | Dewey Decimal Classification |
| Item type | Book - Borrowing |
| Call number prefix | 303.482 RAP |
| Withdrawn status | Item status | Source of classification or shelving scheme | Damaged status | Not for loan | Vendor | Home library | Current library | Shelving location | Date acquired | Source of acquisition | Cost, normal purchase price | Serial Enumeration / chronology | Total Checkouts | Total Renewals | Full call number | Barcode | Date last seen | Date last borrowed | Koha item type | Cost, replacement price |
|---|---|---|---|---|---|---|---|---|---|---|---|---|---|---|---|---|---|---|---|---|
| Dewey Decimal Classification | Baccah | Central Library | Central Library | First floor | 29/05/2011 | 128.00 | 12337 | 6 | 36 | 303.482 RAP | 000023766 | 15/07/2025 | 19/11/2020 | Book - Borrowing | ||||||
| Dewey Decimal Classification | Baccah | Central Library | Central Library | First floor | 28/10/2014 | 220.00 | 303.482 RAP | 000036835 | 15/07/2025 | Book - Borrowing | 275.00 | |||||||||
| Dewey Decimal Classification | Baccah | Central Library | Central Library | First floor | 28/10/2014 | 220.00 | 4 | 12 | 303.482 RAP | 000036836 | 15/07/2025 | 18/11/2020 | Book - Borrowing | 275.00 |